000 00363nam a2200157Ia 4500
008 220803s9999 xx 000 0 und d
020 _a9781138628588
041 _aeng
082 _a681.62 GRE
100 _aGreeno R
_927292
245 _aPrinciples Of Construction
250 _a2nd
260 _aLondon
_bRoutledge
_c2017
300 _a316p
500 _aARCHI
999 _c17363
_d17363